Skills review leaves much to be desired (Record no. 74392)

MARC details
000 -LEADER
fixed length control field 01323cam a2200217 4500
001 - CONTROL NUMBER
control field X126138
008 - FIXED-LENGTH DATA ELEMENTS--GENERAL INFORMATION
fixed length control field 040507n2004 000 0 eng u
035 ## - SYSTEM CONTROL NUMBER
System control number (Sirsi) u126138
100 ## - MAIN ENTRY--PERSONAL NAME
Personal name Morris, H.
245 ## - TITLE STATEMENT
Title Skills review leaves much to be desired
260 ## - PUBLICATION, DISTRIBUTION, ETC.
Date of publication, distribution, etc. 2004
490 ## - SERIES STATEMENT
Series statement Planning (for the Natural and Built Environment)
Volume/sequential designation (1567) 30 April 2004, 14-15
490 ## - SERIES STATEMENT
Series statement Regeneration and Renewal
Volume/sequential designation 30 April 2004, 18-19(4)
520 ## - SUMMARY, ETC.
Summary, etc. Outlines key recommendations of "Egan review: skills for sustainable communities" (ISBN 1851126996). These include setting up a National Centre for Sustainable Community skills by 2005, urging government, local authorities and other stakeholders to adopt a common goal and understanding on what a sustainable community should be supported by a range of performance indicators and emphases generic skills such as leadership and communication. Gives a key role to local authorities to champion the delivery of the sustainable communities agency through Sustainable Community Strategies and planning process reengineering. Explains differences between generic and technical skills.
650 ## - SUBJECT ADDED ENTRY--TOPICAL TERM
Topical term or geographic name entry element SUSTAINABLE COMMUNITIES
650 ## - SUBJECT ADDED ENTRY--TOPICAL TERM
Topical term or geographic name entry element SUSTAINABLE DEVELOPMENT
650 ## - SUBJECT ADDED ENTRY--TOPICAL TERM
Topical term or geographic name entry element PERFORMANCE INDICATORS
690 ## - LOCAL SUBJECT ADDED ENTRY--TOPICAL TERM (OCLC, RLIN)
Topical term or geographic name as entry element DEVELOPMENT-SUSTAINABLE
700 ## - ADDED ENTRY--PERSONAL NAME
Personal name Sawyer, J.
942 ## - ADDED ENTRY ELEMENTS (KOHA)
Suppress in OPAC 0
Holdings
Withdrawn status Lost status Source of classification or shelving scheme Damaged status Not for loan Home library Current library Shelving location Date acquired Total Checkouts Full call number Barcode Date last seen Copy number Price effective from Koha item type
    Dewey Decimal Classification     London London Journal article 17/05/2004   X126138 126138-1001 06/08/2019 1 06/08/2019 Journal article